[Event "Oslo Chess Festival 2017 "]
[Site "Quality Hotel Expo, Fornebu"]
[Date "2017.09.29"]
[Round "7.1"]
[White "Vovk, Andriy"]
[Black "Bartholomew, John"]
[Result "1/2-1/2"]
[WhiteElo "2622"]
[BlackElo "2449"]
[PlyCount "187"]
[EventDate "2017.??.??"]

1. e4 c5 2. Nf3 d6 3. d4 cxd4 4. Nxd4 Nf6 5. Nc3 Nc6 6. f3 e5 7. Nb3 Be7 8. Be3
O-O 9. Qd2 a5 10. Bb5 Be6 11. Rd1 Na7 12. Bd3 Nc8 13. O-O Nb6 14. Qf2 Nc4 15.
Bxc4 Bxc4 16. Rfe1 Qb8 17. a4 Rc8 18. Nd2 Be6 19. Ndb1 Rd8 20. Bb6 Rd7 21. Qe3
h6 22. Na3 Nh5 23. Nd5 Bxd5 24. Rxd5 Nf6 25. Rxa5 Rxa5 26. Bxa5 d5 27. Bb6 Qc8
28. Qb3 Bxa3 29. Qxa3 Qxc2 30. exd5 Nxd5 31. Qc5 Qxa4 32. Qc8+ Kh7 33. Bf2 f6
34. h4 Nf4 35. b3 Qc6 36. Qxc6 bxc6 37. Be3 Nd5 38. Bd2 Ra7 39. Re4 Ra2 40. Be1
Nf4 41. Bf2 Ra1+ 42. Kh2 Ra2 43. Kg1 Rb2 44. Rc4 Rxb3 45. Rxc6 Rb1+ 46. Kh2 Rb2
47. Kg1 h5 48. Ra6 Kg6 49. Ra7 Kh6 50. Ra6 Rb1+ 51. Kh2 Rb2 52. Kg1 Kg6 53. Ra7
Rc2 54. Rb7 Rc1+ 55. Kh2 Rc2 56. Kg1 Nd3 57. Be3 Re2 58. Ba7 e4 59. fxe4 Rxe4
60. g3 Re2 61. Kf1 Ra2 62. Bd4 Ra4 63. Rd7 Ne5 64. Bxe5 fxe5 65. Kf2 Ra3 66.
Rb7 Kf6 67. Rc7 g6 68. Rc4 Kf5 69. Rb4 Rd3 70. Ra4 Rd4 71. Ra6 Rb4 72. Kf3 Rb3+
73. Kg2 Rd3 74. Rb6 e4 75. Rb5+ Ke6 76. Rg5 Rd2+ 77. Kf1 Kf6 78. Ke1 Rg2 79.
Kf1 Rb2 80. Ke1 Rh2 81. Kf1 Ra2 82. Ke1 Rb2 83. Kf1 Rh2 84. Kg1 e3 85. Ra5 Rb2
86. Kf1 Rc2 87. Ra3 e2+ 88. Kf2 Kf5 89. Rf3+ Kg4 90. Rf4+ Kh3 91. Rf6 e1=Q+ 92.
Kxe1 Rg2 93. Rxg6 Rxg3 94. Rxg3+ 1/2-1/2

[Event "Oslo Chess Festival 2017 "]
[Site "Quality Hotel Expo, Fornebu"]
[Date "2017.09.29"]
[Round "7.8"]
[White "Maze, Sebastien"]
[Black "Myhrvold, Rune"]
[Result "1-0"]
[WhiteElo "2614"]
[BlackElo "2243"]
[PlyCount "79"]
[EventDate "2017.??.??"]

1. e4 e5 2. Nf3 Nc6 3. Nc3 Nf6 4. Bb5 Nd4 5. Bc4 Nxf3+ 6. Qxf3 Bc5 7. d3 O-O 8.
h3 c6 9. Bb3 d6 10. g4 Be6 11. Ne2 a5 12. c3 Bxb3 13. axb3 Qd7 14. Ng3 Qe6 15.
Nf5 d5 16. Bg5 Nd7 17. O-O f6 18. Be3 g6 19. exd5 cxd5 20. d4 e4 21. Qg2 Bb6
22. f4 Kh8 23. Ng3 f5 24. g5 Qc6 25. Qe2 Bc7 26. Rfc1 Bd6 27. h4 Qc7 28. Rf1
Qb6 29. h5 Kg7 30. Qc2 Rh8 31. Kg2 Nf8 32. Rh1 Ne6 33. Rh4 Qc7 34. Qf2 Raf8 35.
Rah1 Nxg5 36. fxg5 f4 37. Bxf4 Bxf4 38. hxg6 hxg6 39. Ne2 Bxg5 40. Qxf8+ 1-0

[Event "Oslo Chess Festival 2017 "]
[Site "Quality Hotel Expo, Fornebu"]
[Date "2017.09.29"]
[Round "7.3"]
[White "Cornette, Matthieu"]
[Black "Blomqvist, Erik"]
[Result "1/2-1/2"]
[WhiteElo "2602"]
[BlackElo "2521"]
[PlyCount "65"]
[EventDate "2017.??.??"]

1. e4 c5 2. Nc3 e6 3. Nf3 Nc6 4. d4 cxd4 5. Nxd4 Nf6 6. g3 d5 7. exd5 Nxd5 8.
Bg2 Nxc3 9. bxc3 Nxd4 10. Qxd4 Qxd4 11. cxd4 Bb4+ 12. Ke2 Bc3 13. Rb1 Bxd4 14.
Ba3 Bb6 15. Rhd1 e5 16. Bd5 h5 17. Bd6 Rh6 18. Bxe5 Kf8 19. Kf1 Bg4 20. Rd2 Rd8
21. c4 h4 22. Bf4 Rh5 23. Bxb7 Rxd2 24. Bxd2 Be6 25. Rc1 Bc5 26. Bf4 hxg3 27.
hxg3 Ke7 28. Ke2 Bb6 29. Be4 Ra5 30. Bb1 Bc5 31. Be3 Kd6 32. Bf4+ Kc6 33. Be4+
1/2-1/2

[Event "Oslo Chess Festival 2017 "]
[Site "Quality Hotel Expo, Fornebu"]
[Date "2017.09.29"]
[Round "7.4"]
[White "Devereaux, Maxim L"]
[Black "Urkedal, Frode Olav Olsen"]
[Result "1/2-1/2"]
[WhiteElo "2357"]
[BlackElo "2570"]
[PlyCount "100"]
[EventDate "2017.??.??"]

1. d4 Nf6 2. c4 e6 3. Nc3 Bb4 4. e3 O-O 5. Nge2 d5 6. a3 Bd6 7. c5 Be7 8. b4 b6
9. Bb2 c6 10. Nf4 a5 11. Be2 Nbd7 12. Nd3 Ba6 13. O-O Bc4 14. Qc2 Qc7 15. Rfb1
Rfb8 16. h3 Ra7 17. Ne5 Bxe2 18. Nxd7 Nxd7 19. Nxe2 Rab7 20. Bc3 axb4 21. axb4
g6 22. Nf4 bxc5 23. bxc5 e5 24. Nd3 exd4 25. Bxd4 Rxb1+ 26. Rxb1 Rxb1+ 27. Qxb1
Qa7 28. Qb2 f6 29. g3 Kf7 30. Kg2 Qa6 31. Qb3 Qc4 32. Qb7 Qxd3 33. Qxd7 Qe4+
34. Kg1 Qe6 35. Qb7 h5 36. h4 g5 37. hxg5 fxg5 38. Qb1 Qe4 39. Qd1 h4 40. Qh5+
Qg6 41. Qxg6+ Kxg6 42. g4 Bd8 43. Kg2 Bc7 44. Bc3 Kf7 45. Bd4 Ke6 46. Kh3 Be5
47. Kg2 Bc7 48. Kh3 Ba5 49. f4 Bd8 50. f5+ Kf7 1/2-1/2

[Event "Oslo Chess Festival 2017 "]
[Site "Quality Hotel Expo, Fornebu"]
[Date "2017.09.29"]
[Round "7.5"]
[White "Chatalbashev, Boris"]
[Black "Pigott, John C"]
[Result "1-0"]
[WhiteElo "2537"]
[BlackElo "2408"]
[PlyCount "93"]
[EventDate "2017.??.??"]

1. c4 g6 2. Nc3 Bg7 3. d4 Nf6 4. e4 d6 5. Be2 O-O 6. Bg5 c5 7. d5 a6 8. a4 h6
9. Bf4 e6 10. dxe6 Bxe6 11. Bxd6 Re8 12. Bxc5 Nbd7 13. Bd6 Qa5 14. b4 Qb6 15.
Rc1 a5 16. c5 Qxb4 17. c6 Nc5 18. Bxc5 Qxc5 19. cxb7 Rad8 20. Qc2 Nxe4 21. Nxe4
Qb4+ 22. Kf1 Bb3 23. Qb1 Rxe4 24. Rc8 Ree8 25. b8=Q Qxb8 26. Rxb8 Rxb8 27. f3
Rb4 28. Bd3 Bxa4 29. Qa2 Rd8 30. Be2 Bc3 31. g4 Rd2 32. Qa3 Bd4 33. Kg2 Bb5 34.
Qxa5 Rbb2 35. Kh3 Bxg1 36. Bxb5 Bxh2 37. Qxd2 Rxd2 38. Rxh2 Rd5 39. Bc4 Rc5 40.
Rc2 Kg7 41. f4 h5 42. g5 f6 43. Bd3 Rd5 44. Rc7+ Kh8 45. Bxg6 fxg5 46. f5 Rd3+
47. Kg2 1-0

[Event "Oslo Chess Festival 2017 "]
[Site "Quality Hotel Expo, Fornebu"]
[Date "2017.09.29"]
[Round "7.6"]
[White "Risting, Eivind Olav"]
[Black "Stany, G.A."]
[Result "1/2-1/2"]
[WhiteElo "2322"]
[BlackElo "2491"]
[PlyCount "97"]
[EventDate "2017.??.??"]

1. c4 e5 2. g3 Nf6 3. Bg2 d5 4. cxd5 Nxd5 5. Nc3 Nb6 6. e3 Nc6 7. Nge2 g6 8. b3
Nb4 9. O-O Nd3 10. f4 Nxc1 11. Qxc1 Bg7 12. Qa3 Qe7 13. Qxe7+ Kxe7 14. fxe5
Bxe5 15. d4 Bg7 16. Nf4 c6 17. Rac1 Bd7 18. d5 Rac8 19. dxc6 bxc6 20. Ne4 Nd5
21. Nc5 Nxe3 22. Rfe1 Bd4 23. Rc4 Bxc5 24. Rxc5 Kd6 25. Ra5 Nxg2 26. Rd1+ Ke7
27. Rxa7 Rhd8 28. Nxg2 Ke8 29. Nf4 h6 30. Kf2 g5 31. Nh5 Bh3 32. Re1+ Kf8 33.
Ree7 Be6 34. Ng7 Bd5 35. Nf5 h5 36. h4 gxh4 37. gxh4 c5 38. Ne3 Be6 39. Nc4 Rd4
40. Ne5 Rd2+ 41. Ke3 Rxa2 42. Rxf7+ Bxf7 43. Rxa2 Bxb3 44. Ra7 Kg8 45. Nd7 Bf7
46. Nf6+ Kf8 47. Nd7+ Kg8 48. Nf6+ Kf8 49. Nd7+ 1/2-1/2

[Event "Oslo Chess Festival 2017 "]
[Site "Quality Hotel Expo, Fornebu"]
[Date "2017.09.29"]
[Round "7.9"]
[White "Arvola, Benjamin"]
[Black "Nielsen, Andre"]
[Result "1-0"]
[WhiteElo "2458"]
[BlackElo "2162"]
[PlyCount "45"]
[EventDate "2017.??.??"]

1. e4 e5 2. Nf3 Nc6 3. d4 exd4 4. Nxd4 Nf6 5. Nxc6 bxc6 6. e5 Qe7 7. Qe2 Nd5 8.
c4 Ba6 9. b3 g6 10. f4 Bg7 11. Qe4 Qc5 12. Nd2 Nxf4 13. Qxf4 Bxe5 14. Ba3 Qa5
15. Bb4 Bxf4 16. Bxa5 O-O-O 17. O-O-O Rhe8 18. Kc2 c5 19. Bd3 d5 20. Rhf1 Bxh2
21. Rxf7 Rd7 22. Rxd7 Kxd7 23. Rh1 1-0

[Event "Oslo Chess Festival 2017 "]
[Site "Quality Hotel Expo, Fornebu"]
[Date "2017.09.29"]
[Round "7.7"]
[White "Chu, Wei Chao"]
[Black "Xu, Yi"]
[Result "1/2-1/2"]
[WhiteElo "2340"]
[BlackElo "2439"]
[PlyCount "35"]
[EventDate "2017.??.??"]

1. d4 e6 2. c4 Nf6 3. Nf3 d5 4. g3 Be7 5. Bg2 O-O 6. O-O dxc4 7. Ne5 Nc6 8.
Bxc6 bxc6 9. Nxc6 Qe8 10. Nxe7+ Qxe7 11. Qa4 e5 12. dxe5 Qxe5 13. Qxc4 Be6 14.
Qc2 Bf5 15. Qc4 Be6 16. Qc2 Bf5 17. Qc4 Be6 18. Qc2 1/2-1/2

[Event "Oslo Chess Festival 2017 "]
[Site "Quality Hotel Expo, Fornebu"]
[Date "2017.09.29"]
[Round "7.17"]
[White "Larsen, Ulrik"]
[Black "Vogt, Lothar"]
[Result "0-1"]
[WhiteElo "1975"]
[BlackElo "2401"]
[PlyCount "42"]
[EventDate "2017.??.??"]

1. e4 c5 2. Nf3 e6 3. d4 cxd4 4. Nxd4 Nf6 5. Nc3 d6 6. Bc4 Be7 7. Bb3 Na6 8. f4
Nc5 9. Qf3 O-O 10. g4 d5 11. exd5 Nxb3 12. axb3 Nxd5 13. Nxd5 exd5 14. g5 Bc5
15. Be3 Bxd4 16. Bxd4 Re8+ 17. Kf2 Bf5 18. Rhe1 Be4 19. Qg4 Bxc2 20. b4 Re4 21.
Rxa7 Rxd4 0-1

[Event "Oslo Chess Festival 2017 "]
[Site "Quality Hotel Expo, Fornebu"]
[Date "2017.09.29"]
[Round "7.18"]
[White "Abdrlauf, Elham"]
[Black "Stark, Lars"]
[Result "0-1"]
[WhiteElo "1899"]
[BlackElo "2397"]
[PlyCount "92"]
[EventDate "2017.??.??"]

1. e4 d5 2. exd5 Qxd5 3. Nc3 Qd6 4. d4 Nf6 5. Nf3 c6 6. Bc4 Bg4 7. Be3 Nbd7 8.
h3 Bh5 9. Qd2 Nb6 10. Bb3 e6 11. g4 Bg6 12. Bf4 Qb4 13. a3 Qa5 14. g5 Nfd5 15.
Nxd5 Qxd2+ 16. Bxd2 exd5 17. Ne5 Bh5 18. f4 f6 19. gxf6 gxf6 20. Ng4 Kf7 21.
Kf2 Bg6 22. Rhe1 h5 23. Ne3 Be4 24. c4 Rg8 25. Ba5 Nxc4 26. Nxc4 dxc4 27. Bxc4+
Bd5 28. Bxd5+ cxd5 29. Rac1 Bd6 30. Bb4 Bxf4 31. Re7+ Kg6 32. Rg1+ Kf5 33. Rxg8
Rxg8 34. Rxb7 Rg3 35. Rxa7 Rxh3 36. Bc3 Kg4 37. a4 Rh2+ 38. Ke1 Kf3 39. Kd1 h4
40. a5 h3 41. a6 Rh1+ 42. Kc2 h2 43. Rh7 Ra1 44. Bd2 Bg3 45. b4 Rxa6 46. Kb3
Ra1 0-1

[Event "Oslo Chess Festival 2017 "]
[Site "Quality Hotel Expo, Fornebu"]
[Date "2017.09.29"]
[Round "7.19"]
[White "GrÃ¸ver, Sigurd Loe"]
[Black "Efroimski, Marsel"]
[Result "0-1"]
[WhiteElo "1816"]
[BlackElo "2331"]
[PlyCount "82"]
[EventDate "2017.??.??"]

1. e4 c6 2. d4 d5 3. exd5 cxd5 4. Bd3 Nc6 5. c3 Qc7 6. Ne2 Nf6 7. Bf4 e5 8.
dxe5 Nxe5 9. O-O Bd6 10. Na3 a6 11. Qa4+ Bd7 12. Bb5 O-O 13. Bxd7 Nfxd7 14. Nc2
Nc5 15. Qd4 Ne6 16. Qxd5 Nxf4 17. Nxf4 Nc6 18. Nd3 Bxh2+ 19. Kh1 Rad8 20. Qf3
Bd6 21. Ne3 f5 22. Rad1 Rf6 23. g3 Qf7 24. Kg2 Qxa2 25. Nd5 Rff8 26. Rh1 Qb3
27. Rd2 Ne7 28. Nc1 Qb5 29. Rhd1 Ng6 30. Ne2 Ne5 31. Qe3 Rde8 32. Qd4 Nc6 33.
Qb6 Qxb6 34. Nxb6 Bc7 35. Nd5 Be5 36. Ne3 g6 37. Rd7 Rf7 38. Nc4 Bb8 39. Kf3
Rxd7 40. Rxd7 b5 41. Nd6 Ne5+ 0-1

[Event "Oslo Chess Festival 2017 "]
[Site "Quality Hotel Expo, Fornebu"]
[Date "2017.09.29"]
[Round "7.16"]
[White "Mikalsen, Erlend"]
[Black "Bruaset, Eivind"]
[Result "1-0"]
[WhiteElo "2322"]
[BlackElo "2012"]
[PlyCount "85"]
[EventDate "2017.??.??"]

1. e4 e6 2. d4 d5 3. Nc3 Bb4 4. e5 c5 5. a3 Bxc3+ 6. bxc3 Qa5 7. Bd2 Qa4 8. Qg4
Kf8 9. Nf3 Ne7 10. Be2 b6 11. O-O Ba6 12. Bd3 Bxd3 13. cxd3 c4 14. dxc4 Qxc4
15. Qh5 h6 16. Ng5 g6 17. Qh4 Nd7 18. Nf3 Nf5 19. Qh3 Kg7 20. g4 Ne7 21. Qg3
Rag8 22. Nh4 Kf8 23. Ng2 h5 24. h3 hxg4 25. hxg4 Rh7 26. Bg5 Ke8 27. Nh4 b5 28.
Kg2 Qe2 29. Rfe1 Qc2 30. Rac1 Qa4 31. Rh1 Rgh8 32. Bf6 Nxf6 33. exf6 Nc8 34.
Nf3 Rxh1 35. Rxh1 Rxh1 36. Kxh1 Qc4 37. Kg2 Qc6 38. Qb8 Kd8 39. Ne5 Qe8 40. g5
a6 41. Qb7 Nd6 42. Qb6+ Kc8 43. Qxd6 1-0

[Event "Oslo Chess Festival 2017 "]
[Site "Quality Hotel Expo, Fornebu"]
[Date "2017.09.29"]
[Round "7.13"]
[White "KyrkjebÃ¸, Erlend"]
[Black "Tryggestad, Andreas G"]
[Result "0-1"]
[WhiteElo "2122"]
[BlackElo "2302"]
[PlyCount "80"]
[EventDate "2017.??.??"]

1. e4 c5 2. Nf3 e6 3. b3 b6 4. Bb2 Bb7 5. Qe2 Nc6 6. c4 Nh6 7. g3 f5 8. d3 Nb4
9. Nc3 Be7 10. Bg2 O-O 11. O-O Bf6 12. e5 Be7 13. Rad1 Qe8 14. d4 cxd4 15. Rxd4
f4 16. Rfd1 fxg3 17. hxg3 Rd8 18. Ne4 Nf5 19. R4d2 Nxa2 20. Ra1 Nb4 21. Rxa7
Bc6 22. Nd4 Nxd4 23. Bxd4 Rb8 24. Bc3 Ra8 25. Nd6 Qd8 26. Rxa8 Qxa8 27. Bxc6
Nxc6 28. Ne4 Qb7 29. Qd1 Nxe5 30. Bxe5 Qxe4 31. Bd4 h5 32. Bxb6 h4 33. Rxd7 h3
34. Qf1 Qc6 35. Rxe7 Qxb6 36. Qe2 Rf6 37. Qe3 Qc6 38. f3 Qd6 39. Ra7 Qxg3+ 40.
Kf1 Rxf3+ 0-1

[Event "Oslo Chess Festival 2017 "]
[Site "Quality Hotel Expo, Fornebu"]
[Date "2017.09.29"]
[Round "7.20"]
[White "Hobber, Anders"]
[Black "Lillevold, Frode"]
[Result "1/2-1/2"]
[WhiteElo "2264"]
[BlackElo "2128"]
[PlyCount "119"]
[EventDate "2017.??.??"]

1. e3 d5 2. c4 e6 3. Nf3 Nf6 4. b3 Be7 5. Bb2 O-O 6. Nc3 c5 7. cxd5 exd5 8. d4
Nc6 9. Be2 Be6 10. dxc5 Bxc5 11. O-O a6 12. Rc1 Ba7 13. Na4 Qe7 14. Nd4 Qd6 15.
Nxc6 bxc6 16. Bxf6 gxf6 17. Bd3 Qe5 18. Rxc6 Kh8 19. Qf3 a5 20. Rfc1 Rac8 21.
Rxc8 Rxc8 22. Rxc8+ Bxc8 23. Qd1 Bd7 24. Bf1 Bxa4 25. bxa4 d4 26. exd4 Bxd4 27.
Qf3 Kg7 28. g3 Bc3 29. Bd3 Bd4 30. Kg2 Bc3 31. Bf5 Bd4 32. Qg4+ Kf8 33. Bxh7
Qd5+ 34. Be4 Qxa2 35. Qc8+ Kg7 36. Qg4+ Kf8 37. Qc8+ Kg7 38. Bc2 Qd5+ 39. Kf1
Qf3 40. Qf5 Qxf5 41. Bxf5 Bb2 42. Ke2 Kf8 43. Ke3 Ba3 44. Ke4 Bc5 45. f4 Bg1
46. h4 Bf2 47. Kf3 Be1 48. Bd3 Kg7 49. h5 Kh6 50. g4 Bd2 51. Ke4 Kg7 52. Kf5
Bc3 53. Bc4 Bb2 54. g5 fxg5 55. fxg5 Bc3 56. h6+ Kf8 57. h7 Kg7 58. h8=N Kxh8
59. Bxf7 Kg7 60. g6 1/2-1/2

[Event "Oslo Chess Festival 2017 "]
[Site "Quality Hotel Expo, Fornebu"]
[Date "2017.09.29"]
[Round "7.21"]
[White "Vestby-Ellingsen, Mads"]
[Black "Ingebretsen, Jens E"]
[Result "1-0"]
[WhiteElo "2262"]
[BlackElo "2062"]
[PlyCount "79"]
[EventDate "2017.??.??"]

1. d4 Nf6 2. Nc3 e6 3. e4 c5 4. d5 d6 5. Nf3 g6 6. dxe6 Bxe6 7. e5 dxe5 8.
Qxd8+ Kxd8 9. Bg5 Bg7 10. O-O-O+ Ke7 11. Nd5+ Bxd5 12. Rxd5 Nbd7 13. Bb5 Rhd8
14. Rxd7+ Rxd7 15. Bxd7 Kxd7 16. Nxe5+ Kc7 17. Nxf7 Nd5 18. Rd1 Rf8 19. Nd8 Rf5
20. g4 Rxf2 21. Rxd5 Rf1+ 22. Kd2 Bxb2 23. Ke2 Rh1 24. Bf4+ Kb6 25. Rd6+ Kb5
26. Rd1 Rxd1 27. Kxd1 b6 28. Ne6 Kc4 29. Nf8 Kd5 30. Nxh7 b5 31. Nf8 Ke4 32.
Nxg6 a5 33. h4 b4 34. h5 c4 35. h6 a4 36. Be5 a3 37. h7 Bxe5 38. Nxe5 b3 39.
Nxc4 b2 40. Nd2+ 1-0

[Event "Oslo Chess Festival 2017 "]
[Site "Quality Hotel Expo, Fornebu"]
[Date "2017.09.29"]
[Round "7.23"]
[White "Markussen, Petter B"]
[Black "Nordquelle, Daniel"]
[Result "1-0"]
[WhiteElo "1756"]
[BlackElo "2203"]
[PlyCount "77"]
[EventDate "2017.??.??"]

1. e4 c5 2. Nc3 d6 3. g3 Nc6 4. Bg2 g6 5. d3 Bg7 6. Nh3 e6 7. Bd2 Nge7 8. Qc1
h6 9. O-O Rb8 10. f4 f5 11. Ne2 d5 12. e5 d4 13. Nf2 O-O 14. Kh1 Nd5 15. g4
Nce7 16. Ng3 b5 17. Rg1 Bb7 18. Qe1 c4 19. Qe2 c3 20. bxc3 Nxc3 21. Bxc3 dxc3
22. Bxb7 Rxb7 23. Rg2 Qd5 24. gxf5 exf5 25. Nd1 Qc5 26. Ne3 Nc6 27. Qf3 Rd7 28.
Ne2 g5 29. d4 g4 30. Nxg4 fxg4 31. Qxg4 Qe7 32. f5 Nxd4 33. Nxd4 Qxe5 34. f6
Qxd4 35. Qe6+ Kh8 36. fxg7+ Rxg7 37. Qxh6+ Kg8 38. Rxg7+ Qxg7 39. Rg1 1-0

[Event "Oslo Chess Festival 2017 "]
[Site "Quality Hotel Expo, Fornebu"]
[Date "2017.09.29"]
[Round "7.24"]
[White "Sousa, Ludy Helsio P"]
[Black "Wetle Hoem, Tor"]
[Result "1-0"]
[WhiteElo "2171"]
[BlackElo "1965"]
[PlyCount "49"]
[EventDate "2017.??.??"]

1. e4 c5 2. Nf3 d6 3. d4 cxd4 4. Nxd4 Nf6 5. Nc3 g6 6. Be3 Bg7 7. f3 Nc6 8. Qd2
O-O 9. g4 Nxd4 10. Bxd4 Be6 11. O-O-O Qa5 12. Kb1 Rfc8 13. a3 Nd7 14. Nd5 Qd8
15. Bxg7 Kxg7 16. g5 Bxd5 17. exd5 Rc5 18. h4 Nb6 19. Qd4+ Kg8 20. c4 Qf8 21.
h5 Rac8 22. hxg6 fxg6 23. Bh3 e5 24. Be6+ Kh8 25. Rxh7+ 1-0